000 00248nam a2200109Ia 4500
008 191201s2019 xx 000 0 und d
100 _aNARAYANA, KL
245 0 _aProduction Technology
260 _bI k
_aNew Delhi
300 _a302
942 _2ddc
_cBK
999 _c8179
_d8179